Kriminalistická dokumentácia realita a perpektívy

Bibliographic Details
Main Author: Meteňko, Jozef, 1957- (Author)
Format: Article
Language:Slovak
PhysicalDescription:Tab., Grafy
ISBN:9788080544522
Subjects:

MARC

LEADER 00000nab a2200000 ar4500
001 vtls009955691
003 SK-MaSNL
005 20260304002058.0
008 091001|2008 xo u|me|||||||00 ||slo
015 |a SNBRA2009/07 
038 |a SNKBUCL 
040 |a SNKBUCL  |b slo  |c SNKBUCL  |e AACR2 
041 0 |a slo 
044 |a xo  |c SK 
080 |a 343.9  |2 2001 
080 |a 343.983  |2 2001 
100 1 |a Meteňko, Jozef,  |d 1957-  |4 aut  |9 212333 
245 1 0 |a Kriminalistická dokumentácia realita a perpektívy  |c Jozef Meteňko 
300 |b Tab., Grafy 
500 |a Zborník zostavili Jozef Matenko, Iveta Bačíková a Martin Samek 
504 |a Bibliogr. odkazy 
611 2 7 |a Pokroky v kriminalistike  |d (2007 : Bratislava, Slovensko)  |2 snkbucl  |9 154487 
650 0 7 |a kriminalistika  |2 snkbucl  |9 1688 
650 0 7 |a kriminológia  |2 snkbucl  |9 2660 
650 0 7 |a forenzné vedy  |2 snkbucl  |9 2631 
650 0 7 |a polícia  |2 snkbucl  |9 1673 
650 0 7 |a kriminalistická dokumentácia  |2 snkbucl  |9 1279201 
655 7 |a referáty  |2 snkbucl  |9 70611 
773 0 |t Zborník z medzinárodnej vedeckej konferencie  |d Bratislava : Akadémia policajného zboru: Katedra kriminalistiky a forenzných disciplín, 2008  |g S. 25-34  |z 9788080544522 
852 |a SNK  |b KIS3GCP 
958 |a SK 
958 |a NB 
999 |c 2540121  |d 2542051